000 00227nam a2200097Ia 4500
008 230915s9999 xx 000 0 und d
050 _aQK495 .A53 2001
100 _aLYMAN D. BENSON
245 4 _aTHE CACTUS FAMILY
942 _cBK
999 _c192514
_d192514